000
00321nam a2200133Ia 4500
008
210428s9999 xx 000 0 und d
020
_a
0-7106-2694-0
082
_a
660 J331 j
100
_a
Richard D Jones
_9
52179
245
0
_a
Infantry Weapons 2005-2006
260
_b
Janes
_a
UK
_c
2005
300
_a
950p
942
_c
BK
999
_c
559945
_d
559945